| 000 | 00590nam a22002177a 4500 | ||
|---|---|---|---|
| 999 |
_c6582 _d6582 |
||
| 001 | 18165 | ||
| 003 | BD-DhUAP | ||
| 005 | 20210104122438.0 | ||
| 008 | 200211s2010 bg ||||| |||| 001 0 eng d | ||
| 020 | _a984708002X | ||
| 040 |
_aBD-DhUAP _bEng _cBD-DhUAP _dBD-DhUAP |
||
| 082 |
_223 _a346.066 DHA |
||
| 100 | _aDhar, Nirmalendu. | ||
| 245 |
_aCompany law & partnership / _cNirmalendu Dhar. |
||
| 250 | _a6th ed. | ||
| 260 |
_aDhaka : _bReMiSi Publishers, _cc2012. |
||
| 300 |
_a[32], 523 pages ; _c25 cm. |
||
| 500 | _aIncludes index. | ||
| 650 | _aCorporation law. | ||
| 942 |
_2ddc _cBK |
||